| 000 | 00575nam a2200205Ia 4500 | ||
|---|---|---|---|
| 005 | 20231031111322.0 | ||
| 008 | 131103s9999 xx 000 0 und d | ||
| 040 | _aLoreto College | ||
| 041 | _aEnglish | ||
| 082 |
_a780.954 _bSIN |
||
| 100 | _aSinha,Purnima | ||
| 245 | 3 |
_aAn Approach to the Study of Indian Music _cPurnima Sinha |
|
| 260 |
_aCalcutta _bIndian Publications _c1970 |
||
| 300 |
_a119 p. _b illus. |
||
| 504 | _aIncludes bibliographical references | ||
| 650 | _aMusic - History and Criticism | ||
| 651 | _aIndian Music | ||
| 850 | _aLCLIB | ||
| 942 | _cBK | ||
| 999 |
_c17620 _d68099 |
||